000 00309nam a2200133Ia 4500
005 20260328101522.0
008 260328s9999||||xx |||||||||||||| ||und||
100 _aVoigt, Wolfgang
245 0 _aGottfried Bohm /
_cWolfgang Voigt
260 _bJovis
300 _a272 p.
650 _aARQUITECTOS
942 _cBK
999 _c9631
_d9631